|
|
|
|
| LEADER |
01647nam a2200457 4500 |
| 001 |
on1102633651 |
| 003 |
OCoLC |
| 005 |
20200326101202.0 |
| 006 |
m o d |
| 007 |
cr cnu---unuuu |
| 008 |
190529s2019 mau ob 001 0 eng d |
| 040 |
|
|
|a N$T
|b eng
|e rda
|e pn
|c N$T
|d N$T
|d OPELS
|d UKMGB
|d OCLCF
|d GrThAP
|
| 015 |
|
|
|a GBB9A6862
|2 bnb
|
| 016 |
7 |
|
|a 019420955
|2 Uk
|
| 020 |
|
|
|a 9780128175996
|q (electronic bk.)
|
| 020 |
|
|
|a 0128175990
|q (electronic bk.)
|
| 020 |
|
|
|a 9780128175989
|q (print)
|
| 035 |
|
|
|a (OCoLC)1102633651
|
| 050 |
|
4 |
|a SB91
|
| 072 |
|
7 |
|a TEC
|x 003030
|2 bisacsh
|
| 072 |
|
7 |
|a TEC
|x 003080
|2 bisacsh
|
| 072 |
|
7 |
|a PST
|2 bicssc
|
| 072 |
|
7 |
|a PSA
|2 bicssc
|
| 072 |
|
7 |
|a RNC
|2 bicssc
|
| 082 |
0 |
4 |
|a 630
|2 23
|
| 245 |
0 |
0 |
|a Advances in agronomy.
|n Volume 156 /
|c edited by Donald L. Sparks.
|
| 250 |
|
|
|a First edition.
|
| 264 |
|
1 |
|a Cambridge, MA :
|b Academic Press,
|c 2019.
|
| 300 |
|
|
|a 1 online resource
|
| 336 |
|
|
|a text
|b txt
|2 rdacontent
|
| 337 |
|
|
|a computer
|b c
|2 rdamedia
|
| 338 |
|
|
|a online resource
|b cr
|2 rdacarrier
|
| 588 |
0 |
|
|a Online resource; title from PDF title page (EBSCO, viewed May 29, 2019)
|
| 504 |
|
|
|a Includes bibliographical references and index.
|
| 650 |
|
0 |
|a Agronomy.
|
| 650 |
|
7 |
|a TECHNOLOGY & ENGINEERING / Agriculture / Agronomy / Crop Science.
|2 bisacsh
|
| 650 |
|
7 |
|a TECHNOLOGY & ENGINEERING / Agriculture / Agronomy / General.
|2 bisacsh
|
| 650 |
|
7 |
|a Agronomy.
|2 fast
|0 (OCoLC)fst00801886
|
| 655 |
|
4 |
|a Electronic books.
|
| 700 |
1 |
|
|a Sparks, Donald L.,
|d 1953-
|e editor.
|
| 856 |
4 |
0 |
|3 ScienceDirect
|u https://www.sciencedirect.com/science/bookseries/00652113/156
|z Full Text via HEAL-Link
|